Top 10 Countries with the Largest Coal Reserves - Statistics

General Stats
  • This quiz has been taken 148 times
  • The average score is 8 of 10
Answer Stats
# Country % Correct
157 bil Russia
98%
237 bil United States
98%
114 bil China
97%
6 bil Canada
91%
60 bil India
86%
76 bil Australia
80%
41 bil Germany
75%
34 bil Ukraine
60%
33 bil Kazakhstan
59%
7 bil Colombia
28%
No matching quizzes found
Score Distribution
Percent of People with Each Score
Percentile by Number Answered
Your Score History
You have not taken this quiz